01434nam a22002777a 4500999001700000005001700017008004100034020001800075040002700093041000800120044000700128082001800135110006600153245009600219246008700315260008400402300006800486534008600554546018100640650005600821650003200877650003200909856006200941942001501003952013801018 c20514d2051420191023130812.0191023b xxu||||| |||| 00| 0 spa d a9789280731811 aCO-BoIAVH cCO-BoIAVH  aspa ake a344.0955bP94 aPrograma de las naciones unidas para el medio ambiente(PNUMA) aGeo 5 perspectivas del medio ambiente mundial:bMedio ambiente para el futuro que queremos.11aGeo 5 perspectives of the global environment:bEnvironment for the future we want. aNairobi:bPrograma de las naciones unidas para el medio ambiente(PNUMA),c2012. a528 Páginas:bgráficos, mapas y fotografías,c27 x 22 cm. tGeo 5 perspectives of the global environment: Environment for the future we want. aTraducción realizada por María Elena Sánchez Salazar con autorización del programa de las Naciones Unidas para el medio ambiente, editor original del texto en inglés. 0aCiencias del medio ambientexProcesamiento de datos 0aproblemáticas ambientales 0aGeologíaxInvestigación uhttp://www.un.org/Depts/Cartographic/english/9701474e.htm 2ddccLIBRO 00102ddc40708GENERALaBogotabBogotad2019-10-23l0oLB-344.0955 P94p043608r2019-10-23 00:00:00tEj.1w2019-10-23xCanjeyLIBRO